Globalisation of human rights (Record no. 9629)

MARC details
000 -LEADER
fixed length control field 00456cam a2200193ua 4500
001 - CONTROL NUMBER
control field 10668
005 - DATE AND TIME OF LATEST TRANSACTION
control field 20260515114640.0
008 - FIXED-LENGTH DATA ELEMENTS--GENERAL INFORMATION
fixed length control field 190325n ii |||gr||||Z||||||eng
020 ## - INTERNATIONAL STANDARD BOOK NUMBER
International Standard Book Number 817273302x
040 ## - CATALOGING SOURCE
Transcribing agency MAIN
082 ## - DEWEY DECIMAL CLASSIFICATION NUMBER
Classification number 323.4
100 ## - MAIN ENTRY--PERSONAL NAME
Personal name Rahul Rai,
Relator term Author.
245 ## - TITLE STATEMENT
Title Globalisation of human rights
250 ## - EDITION STATEMENT
Edition statement 1st rep.
260 ## - PUBLICATION, DISTRIBUTION, ETC.
Place of publication, distribution, etc. Delhi:
Name of publisher, distributor, etc. Authors press,
Date of publication, distribution, etc. 2008.
300 ## - PHYSICAL DESCRIPTION
Extent 221p.
653 ## - INDEX TERM--UNCONTROLLED
Uncontrolled term Civil & political rights
942 ## - ADDED ENTRY ELEMENTS (KOHA)
Koha item type Books
Holdings
Withdrawn status Lost status Damaged status Not for loan Home library Current library Shelving location Date acquired Total checkouts Full call number Barcode Date last seen Copy number Price effective from Koha item type
        Naharkatiya College Library Naharkatiya College Library General stacks 09/19/2020   323.4Human rights | RAI 24883 09/19/2020 1 09/19/2020 Books